| 000 | 00370nam a22001337a 4500 | ||
|---|---|---|---|
| 020 | _a0-387-96467-3 | ||
| 082 | _a003.3 BRA'G | ||
| 100 |
_aSCHRAGE, LINUS E , BRATLEY, PAUL , FOX, BENRETT L _965487 |
||
| 245 | _aA GUIDE TO SIMULATION | ||
| 260 |
_aNEWYORK _bSPRINGER-VERLAG _c1983 |
||
| 300 | _aXVII, 397P | ||
| 650 |
_aDIGITAL COMPUTER SIMULATION _962078 |
||
| 942 | _cBK | ||
| 999 |
_c573675 _d573675 |
||